| 000 | 01526nam a2200349 a 4500 | ||
|---|---|---|---|
| 001 | 0000381 | ||
| 003 | DO-SdBNP | ||
| 005 | 20180306121350.0 | ||
| 007 | 0000381 | ||
| 008 | 150817s201u abc spa d | ||
| 020 | _a9945400371 | ||
| 040 |
_aBPMSU _bspa _cBPMSU |
||
| 092 |
_a373.83 _bH557h, 3ro. [20--] |
||
| 100 | 1 | _aHernández, Ricardo | |
| 245 | 1 | 0 |
_aHistoria y geografía de América : _b[tercer grado de educación media] / _cRicardo Hernández, Alejandro Hernández Grullón ; ilustración Ramón Sandoval. |
| 260 |
_aSanto Domingo : _bActualidad escolar 2000, _c[20--]. |
||
| 300 |
_a208 p : _bil. mapa, retrs. _c28 cm. |
||
| 500 | _aIncluye guía metodológica. | ||
| 504 | _aBibliografía p: 208 | ||
| 505 | 1 |
_tLos efectos de la colonización en la isla de Santo Domingo -- _tBuscando la independencia -- _tLa sociedad dominicana en la primera mitad del siglo XX -- _tEl territorio dominicano: geología y morfología -- _tHidrografía, clima y áreas protegidas dominicanas -- |
|
| 650 | 4 |
_aCIENCIAS SOCIALES _xENSEÑANZA SECUNDARIA |
|
| 650 |
_aEDUCACIÓN SECUNDARIA _zREPÚBLICA DOMINICANA |
||
| 650 |
_aCIENCIAS SOCIALES _xLIBROS DE TEXTO4 |
||
| 650 |
_aCIENCIAS SOCIALES _xESTUDIOS Y EJERCICIOS |
||
| 650 | 4 |
_aCIENCIAS SOCIALES _xEDUCACIÓN SECUNDARIA |
|
| 700 | 1 | 2 | _aHernández Grullón, Alejandro |
| 700 | 1 |
_aSandoval, Ramón _eil. |
|
| 910 | _aValidado. Control de calidad MFF | ||
| 942 |
_2ddc _cBK |
||
| 945 | _aRemanejado para la BNPHU / 2018 VM | ||
| 956 |
_aYngrid Lockward _b10 |
||
| 999 |
_c10077 _d10077 |
||